[Event "Rated Blitz game"]
[Site "?"]
[Date "2021.10.29"]
[Round "?"]
[White "Bxh6"]
[Black "MischieviousPawn"]
[Result "0-1"]
[WhiteElo "2607"]
[BlackElo "2543"]
[PlyCount "54"]
[EventDate "2021.??.??"]
[EventType "blitz"]

1. e4 e5 2. Nf3 d5 3. Nxe5 Bd6 4. d4 dxe4 5. Nc3 Nf6 6. Bg5 Bf5 7. Bc4 O-O 8.
O-O Nc6 9. Nxc6 bxc6 10. h3 Qd7 11. Bxf6 gxf6 12. Qh5 Bg6 13. Qh4 f5 14. Rad1
Be7 15. Qf4 Bd6 16. Qh6 Rfe8 17. Rfe1 f4 18. d5 c5 19. Bb5 Qf5 20. Bxe8 Rxe8
21. h4 f6 22. Ne2 f3 23. Ng3 Bxg3 24. fxg3 f2+ 25. Kh2 fxe1=Q 26. Rxe1 Qxd5 27.
Qf4 Qe5 {Normal} 0-1

[Event "Rated Blitz game"]
[Site "?"]
[Date "2021.10.29"]
[Round "?"]
[White "Izzrayizzix"]
[Black "Benny_Watts_2005"]
[Result "0-1"]
[WhiteElo "2501"]
[BlackElo "2423"]
[PlyCount "76"]
[EventDate "2021.??.??"]
[EventType "blitz"]

1. e4 e5 2. Nf3 d5 3. Nxe5 Bd6 4. d4 dxe4 5. Nc4 Nc6 6. Nxd6+ Qxd6 7. c3 Nf6 8.
Be2 Bf5 9. O-O O-O 10. Bg5 h6 11. Bxf6 Qxf6 12. Nd2 Rad8 13. Qb3 b6 14. f3 Nxd4
15. cxd4 Qxd4+ 16. Kh1 Qxd2 17. fxe4 Bxe4 18. Bf3 Rd3 19. Qd1 Bxf3 20. gxf3
Rfd8 21. Qa4 Qxb2 22. Rae1 Kh7 23. Qe4+ g6 24. Qf4 Kg7 25. Re7 Qf6 26. Qxc7
R8d6 27. f4 Rd1 28. Ree1 Rxe1 29. Rxe1 Qxf4 30. Qc3+ Qd4 31. Qg3 Qd5+ 32. Kg1
Rf6 33. Qc3 Qc5+ 34. Qxc5 bxc5 35. Re7 Ra6 36. Rc7 Ra5 37. a4 Rxa4 38. Rxc5 g5
{Normal} 0-1

[Event "Rated Blitz game"]
[Site "?"]
[Date "2021.10.29"]
[Round "?"]
[White "Dagoberto_und_Ich"]
[Black "Lorian2514"]
[Result "0-1"]
[WhiteElo "2529"]
[BlackElo "2614"]
[PlyCount "32"]
[EventDate "2021.??.??"]
[EventType "blitz"]

1. e4 e5 2. Nf3 d5 3. exd5 e4 4. Ne5 Qxd5 5. d4 exd3 6. Nxd3 Bd6 7. Nc3 Qf5 8.
Be3 Nc6 9. Qd2 Nf6 10. O-O-O Be6 11. h3 O-O-O 12. g4 Qa5 13. Bg2 Nb4 14. Kb1
Bxa2+ 15. Kc1 Bc4 16. Kb1 Be5 {Normal} 0-1

[Event "Rated Blitz game"]
[Site "?"]
[Date "2021.10.29"]
[Round "?"]
[White "Mrios"]
[Black "MischieviousPawn"]
[Result "1-0"]
[WhiteElo "2568"]
[BlackElo "2551"]
[PlyCount "39"]
[EventDate "2021.??.??"]
[EventType "blitz"]

1. e4 e5 2. Nf3 d5 3. Nxe5 Bd6 4. d4 dxe4 5. Nc4 Nf6 6. Nc3 Nc6 7. Be2 O-O 8.
Be3 Bf5 9. h3 a6 10. g4 Bg6 11. h4 b5 12. Nxd6 Qxd6 13. h5 Nd5 14. Nxd5 Qxd5
15. hxg6 fxg6 16. c4 bxc4 17. Rc1 Kh8 18. Bxc4 Qa5+ 19. Qd2 Nb4 20. a3 {Normal}
1-0

[Event "Rated Blitz game"]
[Site "?"]
[Date "2021.10.29"]
[Round "?"]
[White "girafik"]
[Black "King_bg03"]
[Result "0-1"]
[WhiteElo "2575"]
[BlackElo "2555"]
[PlyCount "118"]
[EventDate "2021.??.??"]
[EventType "blitz"]

1. e4 e5 2. Nf3 d5 3. Nxe5 Bd6 4. d4 dxe4 5. Nc4 Nf6 6. Be2 O-O 7. O-O Nc6 8.
Nxd6 Qxd6 9. Be3 Nd5 10. c4 Nf4 11. d5 Nxe2+ 12. Qxe2 Ne5 13. Nc3 Qg6 14. Bf4
Nd3 15. Bxc7 f5 16. f3 Rf7 17. fxe4 fxe4 18. Rxf7 Qxf7 19. Nxe4 Qxc7 20. Qxd3
Qb6+ 21. Kh1 Bf5 22. b3 Re8 23. Re1 Kh8 24. d6 Qa5 25. Rf1 h6 26. Qc3 Qxa2 27.
Ng3 Bg6 28. h4 Qc2 29. Qxc2 Bxc2 30. b4 Bd3 31. Rf4 Rd8 32. c5 b6 33. Rd4 Bb5
34. Nf5 a5 35. Ne7 axb4 36. c6 b3 37. c7 Re8 38. c8=Q Rxc8 39. Nxc8 b2 40. Rb4
Bd7 41. Rxb2 Bxc8 42. Rxb6 Be6 43. Rb8+ Kh7 44. Re8 Bf5 45. Re7 Bg4 46. d7 Bxd7
47. Rxd7 Kg6 48. h5+ Kxh5 49. Kh2 Kh4 50. Rd5 g5 51. g3+ Kh5 52. Rd4 g4 53. Rd6
Kg5 54. Rd5+ Kg6 55. Kg2 Kg7 56. Kf2 Kg8 57. Ke3 Kh8 58. Kf4 Kg8 59. Kxg4 Kh8 {
Time forfeit} 0-1

[Event "Rated Blitz game"]
[Site "?"]
[Date "2021.10.29"]
[Round "?"]
[White "evgen1890"]
[Black "Annali-annaliew1979"]
[Result "0-1"]
[WhiteElo "2332"]
[BlackElo "2475"]
[PlyCount "48"]
[EventDate "2021.??.??"]
[EventType "blitz"]

1. e4 e5 2. Nf3 d5 3. exd5 e4 4. Qe2 f5 5. d3 Nf6 6. dxe4 fxe4 7. Bg5 Be7 8.
Bxf6 Bxf6 9. Qxe4+ Kf7 10. Be2 Re8 11. Qb4 a5 12. Qb3 a4 13. Qb4 Na6 14. Qa3 b5
15. c3 Bf5 16. Nbd2 Bd3 17. O-O-O Bxe2 18. Rde1 Bd3 19. g4 Qd6 20. Qxd6 cxd6
21. g5 Bd8 22. Nd4 Bb6 23. Ne6 Kg8 24. f4 Bf2 {Normal} 0-1

[Event "Rated Blitz game"]
[Site "?"]
[Date "2021.10.29"]
[Round "?"]
[White "someoneelse2020"]
[Black "RiskyBlitzer"]
[Result "1-0"]
[WhiteElo "2427"]
[BlackElo "2494"]
[PlyCount "93"]
[EventDate "2021.??.??"]
[EventType "blitz"]

1. e4 e5 2. Nf3 d5 3. Nxe5 Bd6 4. d4 dxe4 5. Bc4 Bxe5 6. dxe5 Qxd1+ 7. Kxd1 Nc6
8. Bf4 Bg4+ 9. Kc1 Nge7 10. Re1 Bf5 11. Nc3 O-O-O 12. Nxe4 Ng6 13. Bg3 Ngxe5
14. Bb3 f6 15. a4 Rhe8 16. a5 Nd4 17. Ra3 Nxb3+ 18. Rxb3 Nc4 19. Rc3 Bxe4 20.
Rxc4 Bc6 21. Rxe8 Rxe8 22. a6 Re7 23. axb7+ Bxb7 24. f3 a6 25. b4 h5 26. Rc5 g6
27. c4 Kd8 28. b5 axb5 29. cxb5 g5 30. h4 g4 31. Rxh5 gxf3 32. gxf3 Bxf3 33.
Rc5 Be4 34. h5 Bh7 35. Bf4 Rd7 36. h6 Kc8 37. b6 Kb7 38. bxc7 Kc8 39. Rb5 Rxc7+
40. Bxc7 Kxc7 41. Ra5 Kb7 42. Kd2 f5 43. Ke3 Kc6 44. Kf4 Kd6 45. Ra7 Bg8 46. h7
Bxh7 47. Rxh7 {Normal} 1-0

[Event "Rated Blitz game"]
[Site "?"]
[Date "2021.10.29"]
[Round "?"]
[White "ghadanfar"]
[Black "artsportscience"]
[Result "1-0"]
[WhiteElo "2474"]
[BlackElo "2382"]
[PlyCount "35"]
[EventDate "2021.??.??"]
[EventType "blitz"]

1. e4 e5 2. Nf3 d5 3. exd5 e4 4. Qe2 Nf6 5. d3 Be7 6. dxe4 O-O 7. Nc3 Re8 8.
Be3 Bb4 9. Qc4 Bxc3+ 10. Qxc3 Nxe4 11. Qd4 c5 12. dxc6 Qa5+ 13. b4 Qa4 14. b5
Qxc2 15. Rc1 Qxa2 16. Bc4 Qa5+ 17. Kf1 bxc6 18. Ne5 {Normal} 1-0

[Event "Rated Blitz tournament S380fguc"]
[Site "?"]
[Date "2021.10.29"]
[Round "?"]
[White "Vagaviev"]
[Black "chesswhite1990"]
[Result "0-1"]
[WhiteElo "2494"]
[BlackElo "2306"]
[PlyCount "82"]
[EventDate "2021.??.??"]
[EventType "blitz"]

1. e4 e5 2. Nf3 d5 3. Nxe5 Qe7 4. d4 f6 5. Nf3 dxe4 6. Ng1 Nc6 7. Bb5 Bd7 8.
Ne2 O-O-O 9. O-O f5 10. d5 Ne5 11. Bxd7+ Nxd7 12. Nbc3 Nb6 13. Be3 Nf6 14. Qd4
Nfxd5 15. Nxd5 Rxd5 16. Qc3 Qe5 17. Bxb6 axb6 18. Qb3 Bd6 19. g3 h5 20. Rad1
Rxd1 21. Rxd1 h4 22. Qa4 Kb8 23. Nd4 hxg3 24. hxg3 f4 25. Nb5 g5 26. Qa7+ Kc8
27. Rxd6 cxd6 28. Qa8+ Kd7 29. Qxb7+ Ke6 30. Nc7+ Kf6 31. Nd5+ Kf5 32. Qd7+ Kg6
33. Ne7+ Kf6 34. Nd5+ Kg6 35. Ne7+ Kf6 36. g4 Qxe7 37. Qf5+ Kg7 38. Qd5 Qe5 39.
Qb7+ Kf6 40. Qxb6 f3 41. Qd8+ Rxd8 {Time forfeit} 0-1

[Event "Rated Blitz game"]
[Site "?"]
[Date "2021.10.29"]
[Round "?"]
[White "Stabbilojunior"]
[Black "Annali-annaliew1979"]
[Result "0-1"]
[WhiteElo "2503"]
[BlackElo "2471"]
[PlyCount "56"]
[EventDate "2021.??.??"]
[EventType "blitz"]

1. e4 e5 2. Nf3 d5 3. exd5 e4 4. Qe2 f5 5. d3 Nf6 6. Bg5 Be7 7. Bxf6 Bxf6 8.
dxe4 fxe4 9. Qxe4+ Kf7 10. Qb4 a5 11. Qb3 a4 12. Qa3 Re8+ 13. Be2 Bf5 14. Nc3
Nd7 15. Qb4 Bxc2 16. Rc1 Bd3 17. Ng1 a3 18. bxa3 Nb6 19. Kd2 Bg6 20. Bf3 Kg8
21. Qb3 Kh8 22. Nge2 Qd6 23. Rcd1 Rxa3 24. Nb5 Rxb3 25. Nxd6 Rb2+ 26. Ke1 cxd6
27. h4 Bc2 28. Rc1 Bd3 {Normal} 0-1

[Event "Rated Blitz game"]
[Site "?"]
[Date "2021.10.29"]
[Round "?"]
[White "slave-trajkoski"]
[Black "khalid_ontawar"]
[Result "1-0"]
[WhiteElo "2423"]
[BlackElo "2450"]
[PlyCount "105"]
[EventDate "2021.??.??"]
[EventType "blitz"]

1. e4 e5 2. Nf3 d5 3. d4 dxe4 4. Nxe5 Be6 5. Bc4 Bxc4 6. Nxc4 Nf6 7. O-O Be7 8.
Nc3 O-O 9. Bg5 Nbd7 10. Re1 Bb4 11. Ne5 Bxc3 12. bxc3 Re8 13. Rxe4 Nxe5 14.
Rxe5 Rxe5 15. dxe5 Qxd1+ 16. Rxd1 Ne4 17. Rd8+ Rxd8 18. Bxd8 c6 19. c4 Nd2 20.
c5 Nc4 21. f4 Kf8 22. Bc7 Ke7 23. Bd6+ Ke6 24. Kf2 f5 25. Ke2 b5 26. cxb6 axb6
27. Kd3 b5 28. g3 h6 29. Bf8 Kf7 30. Bb4 g5 31. a3 gxf4 32. gxf4 h5 33. h4 Ke6
34. Kd4 Kd7 35. Kc5 Ne3 36. e6+ Kxe6 37. Kxc6 Nxc2 38. Kxb5 Nd4+ 39. Kb6 Nf3
40. a4 Nxh4 41. a5 Nf3 42. a6 h4 43. a7 h3 44. a8=Q Nd4 45. Qe8+ Kd5 46. Qe5+
Kc4 47. Qc5+ Kd3 48. Qc3+ Ke4 49. Qxh3 Ne6 50. Bd2 Nd4 51. Qe3+ Kd5 52. Bc3 Nc6
53. Qc5+ {Normal} 1-0

[Event "Rated Blitz game"]
[Site "?"]
[Date "2021.10.29"]
[Round "?"]
[White "Parkrunner2038"]
[Black "petrosianuro"]
[Result "1-0"]
[WhiteElo "2483"]
[BlackElo "2329"]
[PlyCount "49"]
[EventDate "2021.??.??"]
[EventType "blitz"]

1. e4 e5 2. Nf3 d5 3. exd5 e4 4. Qe2 Nf6 5. Nc3 Be7 6. Nxe4 O-O 7. Nxf6+ Bxf6
8. Qd1 Re8+ 9. Be2 Qe7 10. d4 c6 11. dxc6 Nxc6 12. c3 Bg4 13. Be3 Rad8 14. O-O
a6 15. Re1 b5 16. h3 Be6 17. Qd2 b4 18. Bxa6 bxc3 19. bxc3 Na5 20. Bb5 Nc4 21.
Bxc4 Bxc4 22. Bg5 Bxg5 23. Rxe7 Bxd2 24. Rxe8+ Rxe8 25. Nxd2 {Normal} 1-0

[Event "Rated Blitz game"]
[Site "?"]
[Date "2021.10.29"]
[Round "?"]
[White "Xb32"]
[Black "khalid_ontawar"]
[Result "0-1"]
[WhiteElo "2444"]
[BlackElo "2462"]
[PlyCount "122"]
[EventDate "2021.??.??"]
[EventType "blitz"]

1. e4 e5 2. Nf3 d5 3. Nxe5 Qe7 4. d4 f6 5. Qh5+ g6 6. Nxg6 Qxe4+ 7. Be2 Qxg6 8.
Qxd5 h5 9. O-O Bd6 10. Bd3 Qg7 11. Re1+ Ne7 12. Nc3 Nbc6 13. Nb5 Bd7 14. Nxd6+
cxd6 15. Qxd6 Rd8 16. Bf4 O-O 17. Qc7 Bh3 18. Bg3 h4 19. gxh3 hxg3 20. hxg3
Rxd4 21. Qxb7 Rfd8 22. Re3 Ne5 23. Rae1 Nd5 24. Qb3 Kh8 25. Re4 Nf3+ 26. Kh1
Qh6 27. Bf1 Rxe4 28. Rxe4 Nd2 29. Qd3 Nxe4 30. Qxe4 Qg5 31. Bd3 Qg7 32. h4 Ne7
33. Qe3 Ng6 34. Bf5 Ne5 35. f4 Ng4 36. Qe2 Nh6 37. g4 Nxf5 38. gxf5 Qg3 39.
Qh5+ Kg7 40. Qg6+ Qxg6 41. fxg6 Kxg6 42. Kg2 Kh5 43. Kf3 f5 44. Ke3 Kxh4 45. c4
Kg4 46. c5 Re8+ 47. Kd4 Kxf4 48. c6 Re2 49. Kd3 Re1 50. Kd2 Re6 51. c7 Rc6 52.
b4 Rxc7 53. Kd3 Rd7+ 54. Kc4 Ke5 55. Kb5 f4 56. Kc6 Rf7 57. b5 f3 58. b6 axb6
59. Kxb6 f2 60. a4 f1=Q 61. Ka5 Qf6 {Time forfeit} 0-1

[Event "Rated Blitz game"]
[Site "?"]
[Date "2021.10.29"]
[Round "?"]
[White "Stabbilojunior"]
[Black "Annali-annaliew1979"]
[Result "0-1"]
[WhiteElo "2503"]
[BlackElo "2472"]
[PlyCount "79"]
[EventDate "2021.??.??"]
[EventType "blitz"]

1. e4 e5 2. Nf3 d5 3. exd5 e4 4. Qe2 f5 5. d3 Nf6 6. dxe4 fxe4 7. Nc3 Be7 8.
Nxe4 Nxe4 9. Qxe4 O-O 10. Bd2 Bd6 11. O-O-O Bf5 12. Qe3 Nd7 13. Bd3 Bc5 14. Qg5
Bxd3 15. cxd3 Bxf2 16. Rdf1 Bc5 17. d4 Bd6 18. Qg4 Nf6 19. Qe6+ Kh8 20. Ng5 Qe8
21. h4 Qa4 22. Nf7+ Rxf7 23. Qxf7 Rf8 24. Qe6 Qxa2 25. h5 Re8 26. Qf7 Re7 27.
Qf8+ Ng8 28. h6 Re1+ 29. Kc2 Bxf8 30. Bxe1 Bd6 31. Rf7 Nxh6 32. Rf3 Qxd5 33.
Bc3 b5 34. Rhf1 b4 35. Bd2 a5 36. Bxh6 gxh6 37. Rf7 a4 38. R1f6 a3 39. Kd3 axb2
40. Rf5 {Normal} 0-1

[Event "Rated Blitz game"]
[Site "?"]
[Date "2021.10.29"]
[Round "?"]
[White "YEIKOCASTELLA"]
[Black "RCompany_1"]
[Result "1-0"]
[WhiteElo "2413"]
[BlackElo "2369"]
[PlyCount "91"]
[EventDate "2021.??.??"]
[EventType "blitz"]

1. e4 e5 2. Nf3 d5 3. Nxe5 Bd6 4. d4 dxe4 5. Bc4 Bxe5 6. dxe5 Qxd1+ 7. Kxd1 Nc6
8. Bf4 Nge7 9. Nc3 Ng6 10. Bg3 h5 11. h4 Bf5 12. Kc1 Ngxe5 13. Bb5 O-O-O 14.
Re1 a6 15. Bxc6 Nxc6 16. Nxe4 Rhe8 17. f3 Bxe4 18. fxe4 Ne5 19. b3 f6 20. Re2
Rd4 21. Kb2 Nf7 22. Rae1 Kd7 23. Kc3 c5 24. Bf2 Rd6 25. Bxc5 Rc6 26. Kb4 a5+
27. Kb5 Re5 28. Rd2+ Kc7 29. Rd5 b6 30. Bd4 Nd6+ 31. Ka4 Rxe4 32. Rxe4 Nxe4 33.
c4 g5 34. Kb5 Rd6 35. Rxd6 Nxd6+ 36. Ka6 Nc8 37. Bxf6 g4 38. Be5+ Kc6 39. a3
Ne7 40. b4 axb4 41. axb4 Nf5 42. c5 bxc5 43. b5+ Kd5 44. b6 Kxe5 45. b7 Ne7 46.
b8=Q+ {Time forfeit} 1-0

[Event "Rated Blitz game"]
[Site "?"]
[Date "2021.10.29"]
[Round "?"]
[White "Guillermotello2150"]
[Black "khalid_ontawar"]
[Result "0-1"]
[WhiteElo "2390"]
[BlackElo "2458"]
[PlyCount "102"]
[EventDate "2021.??.??"]
[EventType "blitz"]

1. e4 e5 2. Nf3 d5 3. Nxe5 Qe7 4. d4 f6 5. Nd3 dxe4 6. Nf4 Bf5 7. Bc4 Nc6 8.
O-O O-O-O 9. c3 g5 10. Nh5 Bg6 11. Re1 f5 12. Ng3 f4 13. Nxe4 Bxe4 14. Bd3 Bf3
15. gxf3 Qf6 16. Nd2 Bd6 17. Ne4 Qh6 18. Nxd6+ Qxd6 19. Bf5+ Kb8 20. Qb3 Nge7
21. Be4 Rhe8 22. Bd2 Nc8 23. Rad1 Nb6 24. Qc2 h5 25. Bc1 g4 26. fxg4 Rg8 27.
Kh1 hxg4 28. f3 g3 29. Re2 gxh2 30. Rxh2 Rh8 31. Rdd2 Rdg8 32. Rdg2 Rxh2+ 33.
Kxh2 Qh6+ 34. Kg1 Rh8 35. Rh2 Rg8+ 36. Rg2 Rh8 37. Rh2 Rg8+ 38. Kh1 Qf8 39. Qf2
Nc4 40. b3 Ne3 41. Bxc6 bxc6 42. Bxe3 fxe3 43. Qxe3 Qf5 44. Qe4 Qg5 45. Qe1 Qf4
46. Qf1 a5 47. Rg2 Rh8+ 48. Kg1 Qh4 49. Qa6 Qh1+ 50. Kf2 Re8 51. Qxa5 Qe1# {
Normal} 0-1

[Event "Rated Blitz game"]
[Site "?"]
[Date "2021.10.29"]
[Round "?"]
[White "DiscoKnight"]
[Black "RCompany_1"]
[Result "0-1"]
[WhiteElo "2400"]
[BlackElo "2377"]
[PlyCount "76"]
[EventDate "2021.??.??"]
[EventType "blitz"]

1. e4 e5 2. Nf3 d5 3. exd5 e4 4. Qe2 Nf6 5. Nc3 Be7 6. Nxe4 Nxd5 7. d4 O-O 8.
Be3 Re8 9. O-O-O Bf8 10. Ng3 f5 11. Qc4 Kh8 12. Bg5 Qd6 13. Ne5 Be6 14. Nxf5
Qb6 15. Qd3 Nc6 16. Nc4 Qa6 17. Nfe3 b5 18. Na3 Rab8 19. Be2 Qa4 20. Qb3 Nxd4
21. Rxd4 Qxd4 22. Rd1 Nxe3 23. Qxe3 Qxe3+ 24. fxe3 a6 25. c3 Bxa2 26. Nc2 Bb3
27. Rd7 Bxc2 28. Kxc2 Bd6 29. Bf4 Bxf4 30. Bg4 Rxe3 31. g3 Bd6 32. h4 Rxg3 33.
Bf5 g6 34. Bd3 Rf8 35. h5 Rf2+ 36. Kb3 Rxd3 37. h6 a5 38. Rd8+ Rf8 {Time
forfeit} 0-1

[Event "Rated Blitz game"]
[Site "?"]
[Date "2021.10.29"]
[Round "?"]
[White "primmar50"]
[Black "King_bg03"]
[Result "0-1"]
[WhiteElo "2452"]
[BlackElo "2562"]
[PlyCount "94"]
[EventDate "2021.??.??"]
[EventType "blitz"]

1. e4 e5 2. Nf3 d5 3. Nxe5 Bd6 4. d4 dxe4 5. Bc4 Bxe5 6. Qh5 Qe7 7. dxe5 Be6 8.
Bxe6 Qxe6 9. Nc3 Nc6 10. Bf4 O-O-O 11. O-O Nge7 12. Nxe4 Ng6 13. Bg3 Ngxe5 14.
Rfe1 Qg6 15. Qxg6 Nxg6 16. c3 f5 17. Ng5 f4 18. Nf7 fxg3 19. hxg3 Rhf8 20. Nxd8
Rxd8 21. Rad1 Nce5 22. Rxd8+ Kxd8 23. f4 Nf7 24. Kf2 Nd6 25. Kf3 Ne7 26. g4 Ke8
27. g5 Kf7 28. g4 Nd5 29. Rd1 c6 30. b3 Ke7 31. c4 Nc7 32. Rh1 Kf7 33. Rxh7 Ne6
34. Rh2 Nd4+ 35. Ke3 c5 36. f5 b5 37. cxb5 N4xb5 38. Rc2 Nb7 39. Ke4 Nd4 40.
Rd2 Ke7 41. b4 Nb5 42. bxc5 Nxc5+ 43. Ke5 Nd7+ 44. Kf4 Nd6 45. g6 Nc4 46. Re2+
Kd6 47. g5 Nce5 {Time forfeit} 0-1

[Event "Rated Blitz game"]
[Site "?"]
[Date "2021.10.29"]
[Round "?"]
[White "sergunFM"]
[Black "khalid_ontawar"]
[Result "0-1"]
[WhiteElo "2493"]
[BlackElo "2482"]
[PlyCount "48"]
[EventDate "2021.??.??"]
[EventType "blitz"]

1. e4 e5 2. Nf3 d5 3. d3 dxe4 4. Nxe5 Bd6 5. Nc4 exd3 6. Bxd3 Nf6 7. Nxd6+ Qxd6
8. O-O O-O 9. Nc3 Nc6 10. Ne4 Nxe4 11. Bxe4 Qf6 12. c3 Bf5 13. Bxc6 Qxc6 14.
Be3 Rad8 15. Qb3 b6 16. Rad1 Be6 17. Qa3 a5 18. Rfe1 Bd5 19. f3 Rfe8 20. Bf2 h6
21. b3 Qxc3 22. Rxe8+ Rxe8 23. Qa4 c6 24. Bxb6 Re1+ {Normal} 0-1

[Event "Rated Blitz game"]
[Site "?"]
[Date "2021.10.29"]
[Round "?"]
[White "NuhiJashari"]
[Black "RCompany_1"]
[Result "0-1"]
[WhiteElo "2515"]
[BlackElo "2391"]
[PlyCount "84"]
[EventDate "2021.??.??"]
[EventType "blitz"]

1. e4 e5 2. Nf3 d5 3. d4 dxe4 4. Nxe5 Bd6 5. f4 Nf6 6. Bc4 O-O 7. O-O Nc6 8. c3
Ne7 9. h3 c5 10. Be3 Nf5 11. Qd2 Nxe3 12. Qxe3 cxd4 13. cxd4 Bc7 14. Nc3 Bb6
15. Rad1 h5 16. Nxe4 Nd5 17. Qd3 Bf5 18. Bxd5 Qxd5 19. Nf6+ gxf6 20. Qxf5 fxe5
21. Qg5+ Kh7 22. Qxh5+ Kg7 23. Qg5+ Kh7 24. Rd3 Bxd4+ 25. Kh1 Rg8 26. Qh5+ Kg7
27. fxe5 Kf8 28. Rdf3 Ke8 29. Rd1 Rd8 30. Rxd4 Qe6 31. Rxd8+ Kxd8 32. Rxf7 Qd5
33. Rf3 Qxa2 34. Qh4+ Kc7 35. Rc3+ Kb6 36. Qe7 Qxb2 37. Qd6+ Ka5 38. Ra3+ Kb5
39. Qd5+ Kb4 40. Qa5+ Kc4 41. Ra4+ Kd3 42. Qd5+ Ke3 {Time forfeit} 0-1

[Event "Rated Blitz game"]
[Site "?"]
[Date "2021.10.29"]
[Round "?"]
[White "Roadtobecominggm"]
[Black "khalid_ontawar"]
[Result "0-1"]
[WhiteElo "2435"]
[BlackElo "2485"]
[PlyCount "142"]
[EventDate "2021.??.??"]
[EventType "blitz"]

1. e4 e5 2. Nf3 d5 3. d3 dxe4 4. dxe4 Qxd1+ 5. Kxd1 Bg4 6. Nbd2 Nc6 7. Bd3
O-O-O 8. h3 Bxf3+ 9. Nxf3 f5 10. Re1 Nf6 11. Bd2 f4 12. Bb5 Bd6 13. Bxc6 bxc6
14. c3 Rhe8 15. Kc2 h6 16. Rad1 g5 17. Re2 g4 18. hxg4 Nxg4 19. Be1 Bc5 20.
Red2 Rxd2+ 21. Rxd2 Rd8 22. Re2 Kd7 23. b4 Bb6 24. c4 c5 25. b5 c6 26. Rd2+ Kc7
27. Rxd8 Kxd8 28. bxc6 Kc7 29. Bc3 Kd6 30. a4 Bc7 31. Kd2 Kxc6 32. Ke2 Kd6 33.
Nh4 h5 34. Nf5+ Kd7 35. f3 Nf6 36. Be1 Bd8 37. Bh4 Nh7 38. Bxd8 Kxd8 39. Ng7
Nf6 40. Ne6+ Kd7 41. Nxc5+ Kc6 42. Nd3 Nd7 43. Kd2 Kb6 44. Kc3 a5 45. Kb3 Nc5+
46. Nxc5 Kxc5 47. Kc3 h4 48. Kb3 Kd4 49. c5 Kxc5 50. Kc3 Kb6 51. Kd3 Kb7 52.
Kc3 Kb6 53. Kb3 Kb7 54. Kc4 Kc6 55. Kd3 Kd6 56. Kc3 Kc5 57. Kb3 Kd4 58. Kc2 Kc4
59. Kd2 Kb4 60. Kd3 Kxa4 61. Kc4 Ka3 62. Kc3 a4 63. Kc2 Kb4 64. Kb2 a3+ 65. Ka2
Ka4 66. Ka1 Kb3 67. Kb1 a2+ 68. Ka1 Ka3 69. g4 fxg3 70. f4 g2 71. fxe5 g1=Q# {
Normal} 0-1

[Event "Rated Blitz game"]
[Site "?"]
[Date "2021.10.29"]
[Round "?"]
[White "gresaljesaldo42"]
[Black "RCompany_1"]
[Result "1-0"]
[WhiteElo "2403"]
[BlackElo "2381"]
[PlyCount "59"]
[EventDate "2021.??.??"]
[EventType "blitz"]

1. e4 e5 2. Nf3 d5 3. exd5 e4 4. Qe2 Nf6 5. Nc3 Be7 6. Nxe4 Nxd5 7. b3 O-O 8.
Bb2 Re8 9. O-O-O a5 10. a4 Nc6 11. Qc4 Be6 12. Nd4 Nxd4 13. Qxd4 Bf8 14. h4 b6
15. Ng5 h6 16. Nxe6 Rxe6 17. Bc4 Rd6 18. Rhe1 c5 19. Qe4 Nc7 20. Qf3 Ne6 21. g4
Ra7 22. Re5 Nd4 23. Qg3 Rf6 24. f4 Bd6 25. Re4 Rxf4 26. Rxf4 Qc7 27. Rxf7 Ne2+
28. Kb1 Nxg3 29. Rxc7+ Kh7 30. Rxa7 {Normal} 1-0

[Event "Rated Blitz game"]
[Site "?"]
[Date "2021.10.29"]
[Round "?"]
[White "aelias"]
[Black "artsportscience"]
[Result "1-0"]
[WhiteElo "2402"]
[BlackElo "2367"]
[PlyCount "47"]
[EventDate "2021.??.??"]
[EventType "blitz"]

1. e4 e5 2. Nf3 d5 3. Nxe5 Bd6 4. d4 dxe4 5. Nc3 Bxe5 6. dxe5 Qxd1+ 7. Nxd1 Nc6
8. Bb5 Nge7 9. Nc3 Bf5 10. Bg5 O-O 11. Bxe7 Nxe7 12. O-O-O Ng6 13. Nd5 c6 14.
Ne3 Be6 15. Bc4 Nxe5 16. Bxe6 fxe6 17. Rd2 Rf7 18. h3 Raf8 19. Rf1 Rf4 20. Kd1
b5 21. Ke2 Ng6 22. Rd6 c5 23. Rxe6 Rxf2+ 24. Rxf2 {Normal} 1-0

[Event "Rated Blitz game"]
[Site "?"]
[Date "2021.10.29"]
[Round "?"]
[White "Agrik"]
[Black "Engvangchess"]
[Result "0-1"]
[WhiteElo "2409"]
[BlackElo "2382"]
[PlyCount "96"]
[EventDate "2021.??.??"]
[EventType "blitz"]

1. e4 e5 2. Nf3 d5 3. Nxe5 Bd6 4. d4 dxe4 5. Nc3 Nf6 6. Bg5 Bf5 7. Qe2 O-O 8.
O-O-O Re8 9. f4 exf3 10. Qxf3 Bg4 11. Bxf6 Bxf3 12. Bxd8 Bxd1 13. Nxd1 Rxd8 14.
Bc4 Bxe5 15. dxe5 Nc6 16. e6 fxe6 17. Bxe6+ Kh8 18. Nc3 Nd4 19. Bd5 Ne2+ 20.
Nxe2 Rxd5 21. Nc3 Re5 22. b3 Rae8 23. Kb2 Re1 24. Rxe1 Rxe1 25. Nb5 Re2 26.
Nxc7 Rxg2 27. Nb5 a6 28. Nd6 b5 29. Nb7 Rxh2 30. b4 Rh6 31. Nc5 Rc6 32. Kc3 h5
33. Kd4 h4 34. Ke3 g5 35. Kf3 Kg7 36. Kg4 Kg6 37. c3 Rf6 38. a4 Rf4+ 39. Kh3
g4+ 40. Kxh4 Rc4 41. a5 Kf5 42. Kg3 Rxc3+ 43. Kf2 Ke5 44. Nxa6 Kf4 45. Nc5 Rc2+
46. Ke1 Ke3 47. Kf1 g3 48. a6 Kf3 {Normal} 0-1

[Event "Rated Blitz game"]
[Site "?"]
[Date "2021.10.29"]
[Round "?"]
[White "Mrios"]
[Black "MischieviousPawn"]
[Result "0-1"]
[WhiteElo "2577"]
[BlackElo "2542"]
[PlyCount "72"]
[EventDate "2021.??.??"]
[EventType "blitz"]

1. e4 e5 2. Nf3 d5 3. Nxe5 Bd6 4. d4 dxe4 5. Nc4 Nf6 6. Nc3 Nc6 7. Be3 O-O 8.
Be2 a6 9. h3 Re8 10. Qd2 Bf8 11. d5 Nb4 12. O-O-O b5 13. Na5 c5 14. Nc6 Nxc6
15. dxc6 Qa5 16. Kb1 Be6 17. a3 b4 18. Na2 Rad8 19. Qe1 Nd5 20. Bc1 Qb6 21. a4
b3 22. Nc3 bxc2+ 23. Kxc2 Nb4+ 24. Kb1 Bf5 25. Be3 Nd3 26. Bxd3 exd3 27. Qd2
Qxc6 28. g4 Bg6 29. h4 f5 30. h5 Bf7 31. gxf5 c4 32. Rc1 Bb4 33. Qd1 Rb8 34.
Ka1 Bxc3 35. Rxc3 Rb3 36. Rxb3 cxb3 {Normal} 0-1

[Event "Rated Blitz game"]
[Site "?"]
[Date "2021.10.29"]
[Round "?"]
[White "slave-trajkoski"]
[Black "khalid_ontawar"]
[Result "1-0"]
[WhiteElo "2410"]
[BlackElo "2463"]
[PlyCount "113"]
[EventDate "2021.??.??"]
[EventType "blitz"]

1. e4 e5 2. Nf3 d5 3. d4 dxe4 4. Nxe5 Be6 5. Bc4 Bxc4 6. Nxc4 Nf6 7. O-O Bd6 8.
h3 h6 9. Nc3 O-O 10. Re1 Re8 11. Ne3 Nc6 12. Ng4 Nxd4 13. Nxf6+ Qxf6 14. Nxe4
Qd8 15. c3 Nf5 16. Nxd6 Nxd6 17. Bf4 Qf6 18. Bxd6 cxd6 19. Qd5 Re7 20. Rad1 Rd8
21. Re4 Rxe4 22. Qxe4 b6 23. Re1 d5 24. Qe7 d4 25. Qxf6 gxf6 26. cxd4 Rxd4 27.
Re7 Rd1+ 28. Kh2 Rd2 29. Rxa7 Rxf2 30. b4 Rb2 31. a3 h5 32. Rb7 Rb3 33. Rxb6
Rxa3 34. Rxf6 Kg7 35. Rf3 Ra6 36. b5 Rb6 37. Rb3 h4 38. Kg1 Kf6 39. Kf2 Kf5 40.
Kf3 f6 41. Rb4 Kg5 42. Ke4 f5+ 43. Kd5 f4 44. Kc5 Rb8 45. b6 Rc8+ 46. Kd6 Rc2
47. b7 Rxg2 48. b8=Q f3 49. Qg8+ Kf5 50. Qe6+ Kg5 51. Qe5+ Kg6 52. Qe4+ Kg7 53.
Qxf3 Rd2+ 54. Ke6 Rd8 55. Rg4+ Kh6 56. Rxh4+ Kg5 57. Qg4# {Normal} 1-0

[Event "Rated Blitz game"]
[Site "?"]
[Date "2021.10.29"]
[Round "?"]
[White "felpudo"]
[Black "RCompany_1"]
[Result "1-0"]
[WhiteElo "2493"]
[BlackElo "2374"]
[PlyCount "79"]
[EventDate "2021.??.??"]
[EventType "blitz"]

1. e4 e5 2. Nf3 d5 3. Nxe5 Bd6 4. d4 dxe4 5. Nc4 Be7 6. Nc3 Nf6 7. f3 exf3 8.
Qxf3 Qxd4 9. Bf4 Nc6 10. Rd1 Bg4 11. Qxc6+ bxc6 12. Rxd4 O-O 13. Bxc7 Rfe8 14.
Kd2 Bc5 15. Rxg4 Nxg4 16. Bd3 Re7 17. Bd6 Bxd6 18. Nxd6 Rd8 19. Nf5 Re5 20. Ng3
c5 21. b3 Nf2 22. Rf1 Nxd3 23. cxd3 g6 24. Rf4 h5 25. Ra4 Rd7 26. Rc4 Kg7 27.
Nge4 Rc7 28. b4 f5 29. Nxc5 a5 30. a3 axb4 31. axb4 Ra7 32. h4 g5 33. hxg5 Kg6
34. b5 Kxg5 35. b6 Ra5 36. b7 Re8 37. Nd7 h4 38. b8=Q Rxb8 39. Nxb8 f4 40. Nc6
{Time forfeit} 1-0